000 00683nam a2200289Ia 4500
005 20260324133123.0
008 008 260324s9999 xx 000 0 eng d
020 _a9780429234767
037 _aEBOOK
040 _aCRL
040 _beng
040 _cCRL
041 _2eng
041 _aeng
084 _qCRL
100 _aM. Riad El-Ghonemy
_91177576
245 0 _aEgypt in the Twenty First Century
245 0 _bChallenges for Development
260 _bTaylor and Francis
260 _c2003
365 _a
365 _b240
856 _uhttp://www.taylorfrancis.com/books/9780429234767
942 _cEBOOK
999 _c1790632
_d1790632